Guess the 97 Liners in KPOP - Statistics

General Stats
  • This quiz has been taken 132 times
  • The average score is 6 of 9
Answer Stats
Answer % Correct
Jungkook
95%
Mingyu
81%
Bangchan
71%
Eunwoo
69%
DK
62%
Bambam
57%
The8
57%
Yugyeom
48%
Jaehyun
47%
No matching quizzes found
Score Distribution
Percent of People with Each Score
Percentile by Number Answered
Your Score History
You have not taken this quiz